| Поле | Название | Значение |
| |
Тип записи |
i |
| |
Библиографический уровень |
m |
| 001 |
Контрольный номер |
RU/IS/BASE/418476276 |
| 005 |
Дата корректировки |
20250217163256.3 |
| 010 |
Индекс ISBN |
__ |
| d |
Цена |
275-40 |
| 101 |
Язык документа |
1_ |
| a |
Язык текста |
rus |
| c |
Язык оригинала |
eng |
| 200 |
Заглавие и сведения об ответственности |
1_ |
| a |
Заглавие |
Голодные игры |
| e |
Сведения, относящиеся к заглавию |
[роман : аудиокнига] |
| f |
Первые сведения об ответственности |
Сьюзен Коллинз ; [читает Галина Чигинская] |
| b |
Общее обозначение материала |
Звукозапись |
| 210 |
Выходные данные |
1_ |
| a |
Место издания |
М. |
| c |
Издательство |
Аудиокнига |
| d |
Дата издания |
2012 |
| 215 |
Физическое описание |
__ |
| a |
Объем |
1 электрон. опт. диск (Audio CD) (09 ч. 30 мин.) |
| 225 |
Серия |
2_ |
| a |
Серия |
Бестселлер |
| 300 |
Общие примечания |
__ |
| a |
Общие примечания |
CD-плеер с поддержкой MP3 ; Pentium-233 ; Windows 9x-XP ; CD-ROM ; звуковая карта |
| 323 |
Примечание о главных создателях, исполнителях, участниках |
__ |
| a |
Примечание о главных создателях, исполнителях, участниках |
Чигинская, Г. (читает) |
| 330 |
Аннотация |
__ |
| a |
Аннотация |
Книга-сенсация, возглавившая 21 список бестселлеров и удостоенная множества литературных наград! Эти парень и девушка знакомы с детства и еще могут полюбить друг друга, но им придется стать врагами... По жребию они должны участвовать в страшных "Голодных играх", где выживает только один - сильнейший. Пока в жестоком квесте остаются хотя бы какие-то участники, Китнисс и Пит могут защищать друг друга и сражаться вместе. Но рано или поздно кому-то из них придется пожертвовать жизнью ради любимого... Таков закон "Голодных игр". Закон, который не нарушался еще никогда! |
| 333 |
Примечание о целевом назначении |
__ |
| a |
Примечание о целевом назначении |
16+. Для детей старше 16 лет |
| 606 |
Тематические рубрики |
__ |
| a |
Основная рубрика |
Художественная литература |
| 606 |
Тематические рубрики |
__ |
| a |
Основная рубрика |
Литература Америки (произведения) |
| y |
Географическая подрубрика |
США |
| 610 |
Ключевые слова |
0_ |
| a |
Ключевые слова |
зарубежная литература; иностранная литература; американская литература; современная литература; романы; тема выживания; тема соперничества; тема любви; трилогии; бестселлеры |
| 686 |
Индексы других классификаций |
__ |
| a |
Классификационный индекс |
84(7Сое)6-4я04; ст84(7Сое)-4я0 |
| 700 |
Автор |
_1 |
| a |
Фамилия |
Коллинз |
| b |
Имя |
С. |
| f |
Даты |
1962- |
| g |
Полное личное имя |
Сьюзен |
| 4 |
Код отношения |
070 |
| 801 |
Источник записи |
_0 |
| a |
Страна |
RU |
| b |
Организация |
Муниципальное бюджетное учреждение культуры "Централизованная библиотечная система" г. Сургут (Центральная городская библиотека им. А. С. Пушкина) |
| g |
Правила каталогизации |
КиК/Апакова |
| 801 |
Источник записи |
_1 |
| a |
Страна |
RU |
| b |
Организация |
Муниципальное бюджетное учреждение культуры "Централизованная библиотечная система" г. Сургут (Центральная городская библиотека им. А. С. Пушкина) |
| g |
Правила каталогизации |
КиК/Апакова |
| 852 |
Данные о местонахождении |
__ |
| j |
Шифр хранения |
84(7Сое)6-4я04 |
| i |
Авторский знак |
К 60 |
| 901 |
Тип документа |
__ |
| t |
Тип документа |
0 |
| 903 |
Характеристики (МАРС) |
__ |
| a |
Дата передачи |
20130405 |
| 969 |
Тип издания |
__ |
| a |
Тип издания |
аудиокнига; издание для слепых |
| 990 |
Данные о заказе (DOS) |
__ |
| j |
Количество экземпляров (DOS) |
9 |
| h |
N записи в КСУ для Б/У (DOS) |
201304 |